000 00332nam a2200145Ia 4500
003 OSt
005 20240229155734.0
008 170524s9999 xx 000 0 und d
020 _a978-8184350043
040 _ciimtu meerut
100 _aYADAV- K P
245 0 _aMEDIA MANAGEMENT
260 _bADHYAYAN : NEW DELHI
942 _2ddc
_c02
999 _c9130
_d9130